000
00254nam a2200097Ia 4500
001
1046911
005
20250826232226.0
008
250824s9999 xx 000 0 und d
245
0
_a
SADRUD DİNİ KONEVİ
_c
MİKAİL BAYRAM
260
_b
HİKMETEVİ YAYINLARI
999
_c
1046911
_d
1046911